000 00446nam a22001097a 4500
008 110621t xxu||||| |||| 00| 0 eng d
010 _aCACAF69
245 _aCourt of Appeal Civil Application No. 74 OF 2003 Dayalj Jeram Gajjar Vs Kampala District Land Board and another
260 _c2003
500 _aCoram: Hon. Lady Justice C.K. Byamugisha, JA
999 _c3476
_d3476